| 000 | 00391nam a2200157Ia 4500 | ||
|---|---|---|---|
| 008 | 221030s9999 xx 000 0 und d | ||
| 041 | _aEnglish | ||
| 100 | _aA. Husain | ||
| 245 | 0 |
_aFundamentals of electrical Engineering _cby A. Husain, H. Ashfaq |
|
| 250 | _a4th | ||
| 260 |
_bDhanpat Rai Pub _aNew Delhi _c2013 |
||
| 300 | _a844 | ||
| 650 | _aEE | ||
| 700 | _aH. Ashfaq | ||
| 942 | _cBK | ||
| 999 |
_c15419 _d15419 |
||